| 000 | 00558nam a22001577a 4500 | ||
|---|---|---|---|
| 999 |
_c534608 _d534608 |
||
| 020 | _qHard Cover. | ||
| 082 | _a620.0011 | ||
| 100 | _aIftikhar, Hamid | ||
| 245 |
_aElectricity shortfall reduction potential through incorporation of solar fed in tariff policy in Pakistan / _cHamid Iftikhar. |
||
| 260 |
_aIslamabad: _bUSPCASE - NUST, _c2015. |
||
| 300 |
_a103 p. : _bill. ; _c30cm. |
||
| 942 |
_2ddc _cTHE |
||
| 650 |
_aEnergy System Engineering MS-Thesis. _928868 |
||
| 700 |
_aDr. Adeel Waqas _928869 |
||